[Event "ch-NOR"]
[Site "Moss NOR"]
[Date "2006.07.10"]
[Round "4"]
[White "Lie,K"]
[Black "Lie,Es"]
[Result "1-0"]
[WhiteElo "2536"]
[BlackElo "2357"]
[EventDate "2006.07.08"]

1. e4 e5 2. Nf3 Nc6 3. Bc4 Nf6 4. d3 Be7 5. O-O O-O 6. Re1 d6 7. c3 Na5 8.
Bb5 a6 9. Ba4 b5 10. Bc2 c5 11. Nbd2 Re8 12. Nf1 h6 13. h3 Nc6 14. d4 Qc7
15. d5 Nb8 16. a4 bxa4 17. Bxa4 Bd7 18. Bc2 Nh7 19. Ne3 g6 20. Bd3 Kg7 21.
Nc4 Bg5 22. Nxg5 hxg5 23. Be3 Bc8 24. Qa4 Rh8 25. b4 g4 26. hxg4 Qe7 27. f3
f5 28. exf5 gxf5 29. gxf5 Qh4 30. Bf2 Qh6 31. Re4 Bd7 32. Qc2 cxb4 33. Rh4
Qf6 34. Rg4+ 1-0

[Event "ch-NOR"]
[Site "Moss NOR"]
[Date "2006.07.10"]
[Round "4"]
[White "Bae,T"]
[Black "Hole,O"]
[Result "1-0"]
[WhiteElo "2284"]
[BlackElo "2346"]
[EventDate "2006.07.08"]

1. e4 c6 2. Nc3 d5 3. Nf3 Bg4 4. h3 Bxf3 5. Qxf3 dxe4 6. Nxe4 Nd7 7. d4
Ndf6 8. c3 Nxe4 9. Qxe4 Nf6 10. Qh4 e6 11. Bd3 Be7 12. O-O O-O 13. Bc2 Re8
14. Re1 g6 15. Bd2 Nd5 16. Qg4 Bf6 17. Rad1 Qb6 18. Bc1 Rad8 19. h4 Bg7 20.
h5 Nf6 21. Qf3 Rd5 22. hxg6 hxg6 23. g4 Qa5 24. Bb3 Rd7 25. Kg2 e5 26. g5
e4 27. Qh3 1-0

[Event "ch-NOR"]
[Site "Moss NOR"]
[Date "2006.07.10"]
[Round "4"]
[White "Ostenstad,B"]
[Black "Agdestein,S"]
[Result "0-1"]
[WhiteElo "2480"]
[BlackElo "2575"]
[EventDate "2006.07.08"]

1. c4 e5 2. g3 Nf6 3. Bg2 d5 4. cxd5 Nxd5 5. Nc3 Nb6 6. Nf3 Nc6 7. O-O Be7
8. a3 g5 9. b4 g4 10. Ne1 f5 11. d3 O-O 12. Bb2 Bf6 13. Rc1 Kh8 14. Bxc6
bxc6 15. Na4 Qd6 16. Nc5 a5 17. e4 axb4 18. axb4 f4 19. Ng2 f3 20. Ne3 Bg7
21. Re1 h5 22. d4 exd4 23. Nc2 Nc4 24. Bxd4 Rd8 25. e5 Nxe5 26. Qd2 Nf7 27.
Rcd1 Kg8 28. Qc3 Qg6 29. Bxg7 Rxd1 30. Rxd1 Qxg7 31. Nd4 Bf5 32. Qc1 Qf6
33. h4 Rd8 34. Ncb3 Be4 35. Qc5 Rd5 36. Qa7 Bc2 37. Re1 Bxb3 38. Nxb3 Qc3
39. Qe3 Qxe3 40. fxe3 Rb5 41. Nd4 0-1

[Event "ch-NOR"]
[Site "Moss NOR"]
[Date "2006.07.10"]
[Round "4"]
[White "Elsness,F"]
[Black "Hammer,J"]
[Result "0-1"]
[WhiteElo "2428"]
[BlackElo "2325"]
[EventDate "2006.07.08"]

1. d4 Nf6 2. c4 e6 3. Nc3 Bb4 4. Qc2 d5 5. a3 Bxc3+ 6. Qxc3 Ne4 7. Qc2 c5
8. dxc5 Nc6 9. Nf3 Qa5+ 10. Bd2 Qxc5 11. e3 Nxd2 12. Nxd2 d4 13. b4 Qe7 14.
e4 e5 15. c5 O-O 16. Nc4 Be6 17. Nd6 a5 18. b5 Nb8 19. b6 Nd7 20. Rb1 Nxc5
21. Qxc5 Rfd8 22. Nxb7 Qxb7 23. Bd3 Rac8 24. Qxe5 Rc3 25. Kd2 Qe7 26. Qxa5
Rxa3 27. Qb5 Ra2+ 28. Ke1 Qa3 29. Kf1 Qc3 30. Rd1 Rb2 31. Qg5 f6 32. Qc1
Rc8 33. Qxc3 dxc3 34. b7 Rd8 35. Bc2 Rxd1+ 36. Bxd1 Bc4+ 37. Ke1 Rxb7 38.
Bc2 Ra7 0-1

[Event "ch-NOR"]
[Site "Moss NOR"]
[Date "2006.07.10"]
[Round "4"]
[White "Sahl,Bj"]
[Black "Djurhuus,R"]
[Result "1-0"]
[WhiteElo "2364"]
[BlackElo "2462"]
[EventDate "2006.07.08"]

1. e4 e6 2. d4 d5 3. Nc3 Bb4 4. Nge2 Ne7 5. a3 Ba5 6. Bg5 f6 7. Be3 dxe4 8.
b4 Bb6 9. Nxe4 Nf5 10. Nc5 e5 11. c3 exd4 12. Nxd4 Nxe3 13. fxe3 Qe7 14.
Qh5+ g6 15. Qh6 Bxc5 16. bxc5 Qxc5 17. Qg7 Rf8 18. Qxh7 Bf5 19. Bb5+ Nd7
20. Bxd7+ Bxd7 21. Qxg6+ Rf7 22. O-O Qe7 23. Nf5 Bxf5 24. Qxf5 Rd8 25. Rf4
Qxe3+ 26. Kh1 Qxc3 27. Qe6+ Kf8 28. Raf1 Re8 29. Qg4 c6 30. Qh4 Re6 31. Rd4
Qa5 32. Qh8+ Ke7 33. Qc8 1-0

[Event "ch-NOR"]
[Site "Moss NOR"]
[Date "2006.07.10"]
[Round "4"]
[White "Hansen,TR"]
[Black "Sagafos,M"]
[Result "0-1"]
[WhiteElo "2319"]
[BlackElo "2331"]
[EventDate "2006.07.08"]

1. c4 c5 2. Nc3 Nc6 3. g3 g6 4. Bg2 Bg7 5. Nf3 d6 6. d3 Qd7 7. O-O b6 8. e3
Bb7 9. d4 h5 10. Nd5 O-O-O 11. a4 h4 12. a5 h3 13. Bh1 Nxa5 14. Qc2 e6 15.
Nc3 Kb8 16. b3 Ne7 17. Bb2 Nec6 18. Na2 f5 19. Rfd1 Qe7 20. d5 Bxb2 21.
Qxb2 exd5 22. cxd5 Ne5 23. Nd2 Qf6 24. Qa3 Rc8 25. b4 cxb4 26. Nxb4 Rc3 27.
Qa4 Rhc8 28. Nf3 Nxf3+ 29. Bxf3 R3c4 30. Be2 R4c5 31. Bf3 Rc4 32. Be2 R4c5
33. Bf3 Qe7 34. Qa3 Rc3 35. Qb2 Qe5 36. Rxa5 bxa5 37. Nc6+ R3xc6 38. Qxe5
dxe5 39. dxc6 Bxc6 40. Be2 Kc7 41. Bf1 0-1

[Event "ch-NOR"]
[Site "Moss NOR"]
[Date "2006.07.10"]
[Round "4"]
[White "Madsen,D"]
[Black "Jansson,J"]
[Result "0-1"]
[WhiteElo "2290"]
[BlackElo "2300"]
[EventDate "2006.07.08"]

1. Nf3 f5 2. d4 g6 3. g3 Nf6 4. Bg2 Bg7 5. c4 d6 6. O-O O-O 7. Nc3 Qe8 8.
d5 h6 9. Rb1 g5 10. Nd4 Ng4 11. e3 Ne5 12. b3 c5 13. dxc6 Nbxc6 14. Ncb5
Qg6 15. f4 Nxd4 16. exd4 Ng4 17. Nc7 Rb8 18. Nd5 Rf7 19. h3 Nf6 20. Nxf6+
Bxf6 21. d5 Rg7 22. Qd3 h5 23. fxg5 Bxg5 24. Bb2 Rf7 25. h4 Bh6 26. Kh2 Bd7
27. a4 Kh7 28. Rbe1 Rg8 29. Bh3 b6 30. Rf3 Rgf8 31. Bd4 Kg8 32. a5 bxa5 33.
Bxa7 Bg7 34. Bd4 Bxd4 35. Qxd4 f4 36. Bxd7 fxg3+ 37. Rxg3 Rf2+ 38. Kh1 Qxg3
39. Be6+ Kh7 40. Qe4+ Kh6 41. Qe3+ Qxe3 42. Rxe3 R8f3 43. Re4 Rxb3 0-1

[Event "ch-NOR"]
[Site "Moss NOR"]
[Date "2006.07.10"]
[Round "4"]
[White "Stokke,K"]
[Black "Gabrielsen,S"]
[Result "0-1"]
[WhiteElo "2303"]
[BlackElo "2288"]
[EventDate "2006.07.08"]

1. e4 c5 2. c4 Nc6 3. Nc3 e5 4. d3 d6 5. g3 g6 6. Bg2 Bg7 7. Nge2 Nge7 8.
a3 O-O 9. Rb1 a5 10. O-O h6 11. h3 Kh7 12. Kh2 Bd7 13. Bd2 Ra6 14. Nb5 Qb8
15. Nec3 Nd4 16. b4 axb4 17. axb4 cxb4 18. Rxb4 Nec6 19. Rb1 Ne6 20. Be3
Ncd4 21. Bc1 Ra5 22. Bd2 Nc5 23. Nxd4 exd4 24. Nb5 Ra2 25. Bf4 Bxb5 26.
Rxb5 Qc7 27. Bc1 Rfa8 28. Kg1 R8a7 29. f4 Na4 30. Qg4 Nc3 31. Rb2 Rxb2 32.
Bxb2 Ra2 33. Bc1 b5 34. c5 Qxc5 35. Bf3 Nxe4 36. f5 Nf6 37. fxg6+ fxg6 38.
Qf4 b4 39. Rf2 b3 40. Bb2 Ra4 41. Re2 Nh5 42. Bxh5 Qxh5 43. g4 Qxh3 44. Re7
Qxd3 45. Qf7 Qb1+ 46. Kg2 Qxb2+ 47. Kh3 Qc3+ 48. Kh4 g5+ 49. Kh5 Qh3+ 0-1

[Event "ch-NOR"]
[Site "Moss NOR"]
[Date "2006.07.11"]
[Round "5"]
[White "Gabrielsen,S"]
[Black "Johannessen,LE"]
[Result "1/2-1/2"]
[WhiteElo "2288"]
[BlackElo "2555"]
[EventDate "2006.07.08"]

1. e4 e5 2. Nf3 Nc6 3. Bb5 a6 4. Ba4 Nf6 5. O-O Be7 6. Re1 b5 7. Bb3 d6 8.
c3 O-O 9. h3 Re8 10. Ng5 Rf8 11. Nf3 Qd7 12. d4 Re8 13. Nbd2 Bf8 14. Bc2
Bb7 15. d5 Ne7 16. Nb3 c6 17. dxc6 Nxc6 18. a4 h6 19. Nh2 Rad8 20. axb5
axb5 21. Ng4 Nxg4 22. hxg4 Be7 23. Bd3 b4 24. Bb5 bxc3 25. Na5 Ra8 26. Ra4
Qc7 27. Nxb7 Qxb7 28. Qd5 Rec8 29. bxc3 Rxa4 30. Bxa4 Nd8 31. Qd3 Ne6 32.
Bb5 Qc7 33. Ba3 Nf4 34. Qf1 Bf8 35. g3 Ne6 36. Bb4 Ng5 37. Qd3 d5 38. exd5
Bxb4 39. cxb4 e4 40. Rxe4 Nxe4 41. Qxe4 Qc2 42. Bd3 Qc1+ 43. Kg2 g6 44. Bb5
Rc2 45. Qe8+ Kg7 46. Qe5+ Kg8 47. Qe8+ Kg7 48. Qe5+ Kg8 49. Qe8+ 1/2-1/2

[Event "ch-NOR"]
[Site "Moss NOR"]
[Date "2006.07.11"]
[Round "5"]
[White "Dannevig,O"]
[Black "Elsness,F"]
[Result "0-1"]
[WhiteElo "2382"]
[BlackElo "2428"]
[EventDate "2006.07.08"]

1. e4 c5 2. Nf3 d6 3. d4 cxd4 4. Nxd4 Nf6 5. Nc3 a6 6. Be3 e6 7. g4 h5 8.
g5 Ng4 9. Bc1 Qb6 10. h3 Ne5 11. Nb3 g6 12. f4 Nec6 13. Qd3 Nd7 14. Rh2 Qc7
15. Be3 b5 16. O-O-O Bb7 17. Kb1 Nb6 18. Nd4 b4 19. Nxc6 Bxc6 20. Qd4 bxc3
21. Qxh8 cxb2 22. Bd3 Na4 23. c4 e5 24. Rc2 Qa5 25. Bd2 Qc5 26. Bc3 Nxc3+
27. Rxc3 Qd4 28. Rb3 Bxe4 29. fxe5 Rc8 30. Qf6 Qxc4 31. Kxb2 Qd4+ 32. Kb1
Bxd3+ 0-1

[Event "ch-NOR"]
[Site "Moss NOR"]
[Date "2006.07.11"]
[Round "5"]
[White "Agdestein,S"]
[Black "Sahl,Bj"]
[Result "1-0"]
[WhiteElo "2575"]
[BlackElo "2364"]
[EventDate "2006.07.08"]

1. d4 Nf6 2. c4 e6 3. Nf3 c5 4. d5 b5 5. dxe6 fxe6 6. cxb5 Bb7 7. g3 Qa5+
8. Nc3 a6 9. bxa6 Rxa6 10. Bg2 Be7 11. O-O O-O 12. Bg5 Rb6 13. Qa4 Qb4 14.
Ne5 Bxg2 15. Kxg2 Qxa4 16. Nxa4 Rb4 17. b3 Re4 18. Nd3 Rxe2 19. Rfc1 c4 20.
Rxc4 h6 21. Bf4 Nd5 22. Kf1 Nxf4 23. Nxf4 Rd2 24. Ke1 Bf6 25. Kxd2 Bxa1 26.
Nc5 g5 27. Nfd3 e5 28. f4 exf4 29. gxf4 d5 30. Rc1 Bf6 31. Ne6 Re8 32. fxg5
hxg5 33. Nc7 Rd8 34. Rc5 Kf7 35. Nxd5 Rh8 36. Nxf6 Rxh2+ 37. Ke3 Kxf6 38.
Nf2 Rg2 39. Kf3 Rg1 40. Ne4+ Kg6 41. Rd5 Rf1+ 42. Ke2 Rf5 43. Rd8 Rb5 44.
Rg8+ Kh5 45. Nxg5 Re5+ 46. Kd2 Nc6 47. Nf3 Rf5 48. Rg3 Rc5 49. a3 Ra5 50.
a4 Rc5 51. Rg8 Rf5 52. Ke3 Rd5 53. Ke4 1-0

[Event "ch-NOR"]
[Site "Moss NOR"]
[Date "2006.07.11"]
[Round "5"]
[White "Djurhuus,R"]
[Black "Sagafos,M"]
[Result "1-0"]
[WhiteElo "2462"]
[BlackElo "2331"]
[EventDate "2006.07.08"]

1. d4 Nf6 2. c4 g6 3. Nc3 Bg7 4. e4 d6 5. Be2 O-O 6. Nf3 e5 7. Be3 Na6 8.
O-O Ng4 9. Bg5 Qe8 10. dxe5 dxe5 11. h3 h6 12. Bd2 Nf6 13. Be3 Qe7 14. Qc1
Kh7 15. Nd5 Qd8 16. Nd2 c6 17. Nxf6+ Qxf6 18. c5 Nc7 19. Nc4 Ne6 20. Rd1
Qh4 21. Nd6 f5 22. exf5 gxf5 23. Qc2 Nc7 24. Bc4 Kh8 25. f3 Qe7 26. Nxc8
Raxc8 27. Rd6 Rf6 28. Rad1 Qf8 29. Rxf6 Qxf6 30. Rd6 Qf8 31. Rd7 b5 32. Bb3
a5 33. Rf7 f4 1-0

[Event "ch-NOR"]
[Site "Moss NOR"]
[Date "2006.07.11"]
[Round "5"]
[White "Hammer,J"]
[Black "Gabrielsen,T"]
[Result "0-1"]
[WhiteElo "2325"]
[BlackElo "2235"]
[EventDate "2006.07.08"]

1. e4 c5 2. Nf3 Nc6 3. Bb5 g6 4. O-O Bg7 5. c3 Nf6 6. Qe2 O-O 7. Rd1 e5 8.
Na3 d6 9. Bxc6 bxc6 10. d4 exd4 11. cxd4 Re8 12. Bg5 cxd4 13. Nxd4 Bb7 14.
f3 h6 15. Be3 d5 16. Qf2 Qe7 17. Nb3 dxe4 18. Bc5 e3 19. Qe2 Qe6 20. Na5
Qc8 21. N3c4 Ba6 22. Rd6 Qf5 23. Bd4 Nd5 24. Bxg7 Nf4 25. Qe1 Kxg7 26. Qc3+
Kg8 27. Re1 e2 28. Qd2 Qc5+ 29. Qd4 Qb4 30. Qc3 Qxc3 31. bxc3 Rad8 32. g3
Rxd6 33. Nxd6 Nd3 34. Nxe8 Nxe1 35. Kf2 Nc2 0-1

[Event "ch-NOR"]
[Site "Moss NOR"]
[Date "2006.07.11"]
[Round "5"]
[White "Lie,K"]
[Black "Tallaksen,G"]
[Result "0-1"]
[WhiteElo "2536"]
[BlackElo "2356"]
[EventDate "2006.07.08"]

1. e4 e5 2. Nf3 Nc6 3. Bc4 Nf6 4. d3 Be7 5. O-O O-O 6. Re1 d6 7. c3 Na5 8.
Bb5 a6 9. Ba4 c5 10. Nbd2 Qc7 11. Nf1 Be6 12. Bg5 h6 13. Bh4 b5 14. Bc2 Nc6
15. Ne3 Nh7 16. Bg3 Bf6 17. Bb3 Ne7 18. Bxe6 fxe6 19. d4 Rad8 20. a4 exd4
21. cxd4 e5 22. dxe5 dxe5 23. Qc2 c4 24. axb5 axb5 25. b3 Ng5 26. Nxg5 Bxg5
27. bxc4 Bxe3 28. Rxe3 bxc4 29. Rc3 Rd4 30. Rc1 Rc8 31. f3 Qd6 32. Bf2 Rd2
33. Qa4 Kh7 34. Be3 Rd3 35. Kf2 Rxc3 36. Rxc3 Qe6 37. Qb4 Ng6 38. g3 Qh3
39. Kg1 Rd8 40. Qb1 Qe6 41. Kg2 Qa6 42. Qc2 Rc8 43. Qd2 Rb8 44. Qe2 Rc8 45.
Qb2 Rd8 46. Ra3 Qc6 47. Qc2 Qb5 48. Rc3 Rc8 49. Ra3 Rd8 50. Ra7 Rd3 51. Qc1
c3 52. Bxh6 Rd2+ 53. Kh3 Kxh6 54. Qxc3 Qe2 55. Kg4 Qxh2 56. Qe3+ Kh7 57.
Kf5 Rd6 58. Rxg7+ Kxg7 59. Qa7+ Kf8 60. Qb8+ Ke7 0-1

[Event "ch-NOR"]
[Site "Moss NOR"]
[Date "2006.07.11"]
[Round "5"]
[White "Hole,O"]
[Black "Ostenstad,B"]
[Result "1/2-1/2"]
[WhiteElo "2346"]
[BlackElo "2480"]
[EventDate "2006.07.08"]

1. Nf3 Nf6 2. c4 c5 3. Nc3 d5 4. cxd5 Nxd5 5. d4 Nxc3 6. bxc3 g6 7. Bg5 Bg7
8. e3 Qa5 9. Qd2 Nc6 10. Be2 e5 11. dxe5 O-O 12. Bf6 Bg4 13. Bxg7 Kxg7 14.
O-O Rad8 15. Qb2 Qc7 16. Rfd1 b6 17. h3 Bxf3 18. Bxf3 Nxe5 19. c4 Rxd1+ 20.
Rxd1 Qe7 21. Rd5 f6 22. Be2 Rd8 23. Qd2 Rxd5 24. Qxd5 Qf7 25. Qxf7+ Kxf7
26. Kf1 g5 27. g3 Ke6 28. f4 Nf7 29. Bd3 h6 30. Ke2 Nd6 31. Kf3 a6 32. a4
h5 33. e4 Nf7 34. Ke3 h4 35. fxg5 fxg5 36. gxh4 gxh4 37. Kf4 Ne5 38. Bf1
Kf6 39. Be2 Ng6+ 40. Kg4 Ke5 41. Bf3 Kd4 42. Kf5 Ne5 43. Be2 Nf7 44. Kf6
Ne5 45. Kf5 Nf7 46. Kf6 Ne5 1/2-1/2

[Event "ch-NOR"]
[Site "Moss NOR"]
[Date "2006.07.11"]
[Round "5"]
[White "Madsen,D"]
[Black "Stokke,K"]
[Result "1/2-1/2"]
[WhiteElo "2290"]
[BlackElo "2303"]
[EventDate "2006.07.08"]

1. Nf3 c5 2. c4 g6 3. e4 Nc6 4. d4 cxd4 5. Nxd4 Bg7 6. Be3 Nf6 7. Nc3 O-O
8. Be2 d6 9. O-O Bd7 10. Qd2 Nxd4 11. Bxd4 Bc6 12. f3 a5 13. Rab1 Nd7 14.
Bf2 Nc5 15. Rfc1 Qb6 16. Nd5 Bxd5 17. cxd5 Rfc8 18. Rc4 Qd8 19. Rbc1 h5 20.
R4c2 Kh7 21. Be3 a4 22. Qb4 Qa5 23. Qxa5 Rxa5 24. Kf1 b6 25. Bd2 1/2-1/2

[Event "ch-NOR"]
[Site "Moss NOR"]
[Date "2006.07.11"]
[Round "5"]
[White "Lie,Es"]
[Black "Hansen,TR"]
[Result "1/2-1/2"]
[WhiteElo "2357"]
[BlackElo "2319"]
[EventDate "2006.07.08"]

1. e4 c6 2. d4 d5 3. e5 Bf5 4. h4 c5 5. c3 Nc6 6. g4 Be4 7. f3 Bxb1 8. Rxb1
cxd4 9. cxd4 e6 10. Kf2 h5 11. g5 Nge7 12. Bh3 Ng6 13. Kg3 Qb6 14. Ne2 Rc8
15. Qa4 Be7 16. Bd2 O-O 17. Rhc1 a6 18. f4 Rfe8 19. Be3 Bf8 20. Qd1 Nge7
21. Kh2 g6 22. Ng3 Na5 23. b3 Rxc1 24. Rxc1 Rc8 25. Rxc8 Nxc8 26. Nxh5 gxh5
27. Qxh5 Ne7 28. Bf1 Bg7 29. Bd3 Nf5 30. Bf2 Qb4 31. Bxf5 exf5 32. g6 fxg6
33. Qxg6 Qd2 34. Qe8+ Kh7 35. Qh5+ Kg8 36. Qe8+ Kh7 37. Qh5+ Kg8 38. Qe8+
1/2-1/2

[Event "ch-NOR"]
[Site "Moss NOR"]
[Date "2006.07.11"]
[Round "5"]
[White "Jansson,J"]
[Black "Stubberud,O"]
[Result "0-1"]
[WhiteElo "2300"]
[BlackElo "2202"]
[EventDate "2006.07.08"]

1. e4 c5 2. Nc3 Nc6 3. f4 g6 4. Nf3 Bg7 5. Bc4 e6 6. f5 Nge7 7. fxe6 dxe6
8. O-O O-O 9. a4 Nd4 10. d3 Nec6 11. Nxd4 cxd4 12. Nb1 Bd7 13. Ba2 a6 14.
Nd2 b5 15. Nf3 bxa4 16. Bg5 Qb6 17. Qe1 f6 18. Bd2 Qxb2 19. Bc4 Qb6 20.
Rxa4 a5 21. Ra1 Kh8 22. g4 e5 23. g5 f5 24. Nh4 Ne7 25. Rxa5 Rab8 26. Ra6
Qb7 27. Ra3 fxe4 28. Rxf8+ Rxf8 29. Bb4 Bh3 30. dxe4 Bg4 31. Bd2 Qc7 32.
Bd3 Nc6 33. Qa1 Qf7 34. Qe1 Qc7 35. Ra1 Bh5 36. Qg3 Rb8 37. Qh3 Nd8 38. Rf1
Nf7 39. Qe6 Nd6 40. Nf3 Re8 41. Qd5 Nb7 42. Bb4 Rd8 43. Qe6 Nc5 44. Bxc5
Qxc5 45. Nd2 Qc8 46. Qb6 Qg4+ 47. Kh1 Qxg5 48. Rg1 Qe7 49. Rg3 Bh6 50. Nc4
Bf4 51. Qb5 Rf8 52. Kg1 Qh4 53. Qb4 Kg7 54. Qe1 Bxg3 55. Qxg3 Qxg3+ 56.
hxg3 Kf6 57. Nb6 Ke6 58. Bc4+ Kd6 59. Bd3 g5 60. Nc4+ Ke6 61. Nd2 Bf7 62.
Kg2 Kd6 63. Nf3 h6 64. Ng1 Bh5 65. Nh3 Bf3+ 66. Kg1 Kc5 0-1

[Event "ch-NOR"]
[Site "Moss NOR"]
[Date "2006.07.12"]
[Round "6"]
[White "Gabrielsen,T"]
[Black "Ostenstad,B"]
[Result "1/2-1/2"]
[WhiteElo "2235"]
[BlackElo "2480"]
[EventDate "2006.07.08"]

1. e4 e6 2. d4 d5 3. Nc3 Bb4 4. e5 c5 5. a3 Bxc3+ 6. bxc3 Ne7 7. Qg4 Kf8 8.
Bd2 Qa5 9. a4 Nbc6 10. Nf3 c4 11. Be2 b5 12. O-O bxa4 13. Ra2 Bd7 14. Rfa1
Nd8 15. Bg5 Nf5 16. Qh3 Rb8 17. g4 Ne7 18. Bc1 Kg8 19. Nh4 Ng6 20. Ng2 Rb7
21. Qe3 h6 22. f4 f6 23. exf6 gxf6 24. Bf3 h5 25. gxh5 Ne7 26. Nh4 Nf7 27.
Ba3 Qd8 28. Kh1 Kh7 29. Bxe7 Qxe7 30. Ng6 Qd6 31. Nxh8 Kxh8 32. Rg1 Nh6 33.
Qd2 Be8 34. Raa1 Nf5 35. Bg4 Nh6 36. Bh3 Bxh5 37. Qf2 Rg7 38. Rxg7 Kxg7 39.
Rg1+ Kf8 40. Qh4 Bf3+ 41. Bg2 Bxg2+ 42. Rxg2 Nf7 43. Qxf6 a3 44. Rg7 Qd7
45. Qg5 Nxg5 46. Rxd7 Ne4 47. Rxa7 Nxc3 48. Rxa3 Nb5 49. Re3 Nxd4 50. c3
Nb5 51. Kg2 Kf7 52. Kf3 Kf6 53. Kg4 d4 54. cxd4 c3 55. Re5 Nxd4 56. Rc5 c2
57. h4 Kg6 58. Rg5+ Kf6 59. Rc5 Kg6 60. Kh3 Kh6 61. Kg2 Nf5 62. Kf3 Nxh4+
63. Ke4 Ng6 64. Rxc2 Kg7 65. Rc6 Kf7 66. Ra6 Ne7 67. Kf3 Kf6 68. Kg4 Nf5
69. Ra8 Ne3+ 70. Kf3 1/2-1/2

[Event "ch-NOR"]
[Site "Moss NOR"]
[Date "2006.07.12"]
[Round "6"]
[White "Stubberud,O"]
[Black "Gabrielsen,S"]
[Result "0-1"]
[WhiteElo "2202"]
[BlackElo "2288"]
[EventDate "2006.07.08"]

1. e4 c5 2. Nf3 Nc6 3. d4 cxd4 4. Nxd4 Nf6 5. Nc3 d6 6. Bg5 e6 7. Qd2 a6 8.
O-O-O Bd7 9. f3 Rc8 10. h4 h6 11. Be3 h5 12. Nxc6 Rxc6 13. Bg5 Be7 14. Kb1
Qa5 15. Ne2 Qxd2 16. Rxd2 Nh7 17. Bxe7 Kxe7 18. Nf4 Nf6 19. Be2 Be8 20. g3
Nd7 21. Nd3 g6 22. f4 Nb6 23. b3 Rc7 24. Bf3 Bc6 25. Nb4 a5 26. Nxc6+ bxc6
27. c4 Rb8 28. Rc1 c5 29. Kc2 Nd7 30. Kc3 Rb6 31. a3 e5 32. Rb2 Nb8 33. Rf1
Nc6 34. Bd1 Rb8 35. f5 Rg8 36. fxg6 fxg6 37. Rbf2 Nd8 38. Rf6 Rb7 39. R6f2
Rb8 40. Rf6 Rb6 41. R6f2 Rb8 42. Rf6 Rg7 43. Rf8 Nc6 44. Rxb8 Nxb8 45. Re1
Nc6 46. Rf1 Rg8 47. Rf2 Nd4 48. Kb2 Ne6 49. Kc3 Rg7 50. Rf1 Nd4 51. Kb2 g5
52. hxg5 Rxg5 53. Rh1 Rxg3 54. Rxh5 Rg1 55. Rh7+ Kf6 0-1

[Event "ch-NOR"]
[Site "Moss NOR"]
[Date "2006.07.12"]
[Round "6"]
[White "Tallaksen,G"]
[Black "Agdestein,S"]
[Result "0-1"]
[WhiteElo "2356"]
[BlackElo "2575"]
[EventDate "2006.07.08"]

1. d4 f5 2. c4 Nf6 3. Nf3 e6 4. Nc3 Bb4 5. Qb3 Bxc3+ 6. Qxc3 O-O 7. g3 b6
8. Bg2 Bb7 9. O-O Nc6 10. b4 Ne7 11. a4 a6 12. b5 Ne4 13. Qb2 Nd6 14. bxa6
Rxa6 15. c5 Ne4 16. cxb6 Rxb6 17. Qc2 Nd5 18. Ba3 d6 19. Nd2 Rc6 20. Qb2
Rb6 21. Qc2 Nef6 22. Rfc1 Qa8 23. Bh3 Kh8 24. f3 Ne3 25. Qd3 Nfd5 26. Nc4
Nxc4 27. Qxc4 Rc6 28. Qb3 Qa7 29. Bb2 e5 30. Rxc6 Bxc6 31. Qc2 Ba8 32. Qd2
f4 33. Kh1 e4 34. fxe4 Nf6 35. Bg2 Nxe4 36. Bxe4 Bxe4+ 37. Kg1 fxg3 38.
hxg3 Rb8 39. Qf4 Ba8 40. e4 Qb7 41. Rf1 h6 42. Bc3 Qxe4 43. Qxe4 Bxe4 44.
Rf7 Rb7 45. a5 Kg8 46. Re7 Bd3 47. d5 g5 48. Bd4 Kf8 49. Rd7 Ke8 50. Rg7
Rb5 51. a6 Rb1+ 52. Kf2 Rf1+ 53. Kg2 Rf7 54. Rg8+ Rf8 55. Rxf8+ Kxf8 56.
Ba7 Ke7 57. Bb8 Kd7 58. Kf3 Bxa6 59. Ke4 Bf1 60. Ba7 Bg2+ 61. Kd4 h5 0-1

[Event "ch-NOR"]
[Site "Moss NOR"]
[Date "2006.07.12"]
[Round "6"]
[White "Elsness,F"]
[Black "Hole,O"]
[Result "1-0"]
[WhiteElo "2428"]
[BlackElo "2346"]
[EventDate "2006.07.08"]

1. d4 d5 2. c4 c6 3. Nc3 Nf6 4. e3 a6 5. Nf3 b5 6. c5 Bg4 7. Qb3 Nbd7 8. a4
e6 9. Qa3 Rb8 10. axb5 axb5 11. Qa5 Be7 12. Qxd8+ Kxd8 13. Ra7 Rc8 14. Bd2
Bxf3 15. gxf3 Rc7 16. Nxb5 Rxa7 17. Nxa7 Kc7 18. Ba6 Nb8 19. Ba5+ Kd7 20.
Bb7 Bd8 21. Bc8+ Ke7 22. Bc3 Ne8 23. Kd2 Nc7 24. Ra1 g5 25. h3 Rg8 26. Ra3
Ne8 27. Bb7 Kd7 28. Bc8+ Ke7 29. Bb7 Kd7 30. Nc8 Nc7 31. Nd6 Be7 32. Nxf7
Nb5 33. Ra8 Bf6 34. Ba5 Rf8 35. Ba6 Rxf7 36. Rxb8 e5 37. Rb7+ Ke8 38. Bxb5
cxb5 39. c6 1-0

[Event "ch-NOR"]
[Site "Moss NOR"]
[Date "2006.07.12"]
[Round "6"]
[White "Bae,T"]
[Black "Djurhuus,R"]
[Result "0-1"]
[WhiteElo "2284"]
[BlackElo "2462"]
[EventDate "2006.07.08"]

1. e4 c5 2. Nf3 e6 3. g3 Nc6 4. Bg2 a6 5. O-O g6 6. d4 cxd4 7. Nxd4 Bg7 8.
Nb3 Nge7 9. Nc3 O-O 10. Be3 d6 11. a4 b6 12. Nd2 Na5 13. Rb1 Qc7 14. Ne2 b5
15. b4 Nc4 16. Nxc4 Qxc4 17. axb5 axb5 18. Qxd6 Qxe2 19. Qxe7 Qxc2 20. Rbc1
Qb2 21. Rc7 e5 22. Qc5 Rb8 23. Rc1 Be6 24. Bf1 Rfd8 25. Qc3 Qxc3 26. R7xc3
Bf8 27. Bc5 Bh6 28. R1c2 Rd1 29. Kg2 f5 30. Rd3 Re1 31. Re2 Rxe2 32. Bxe2
Bc4 33. exf5 e4 34. Rd6 Bxe2 35. fxg6 Bf8 36. gxh7+ Kh8 37. Bd4+ Kxh7 38.
Rd7+ Kg6 39. Bc3 Bf3+ 40. Kf1 Rc8 0-1

[Event "ch-NOR"]
[Site "Moss NOR"]
[Date "2006.07.12"]
[Round "6"]
[White "Hammer,J"]
[Black "Lie,Es"]
[Result "1/2-1/2"]
[WhiteElo "2325"]
[BlackElo "2357"]
[EventDate "2006.07.08"]

1. d4 d5 2. Nf3 e6 3. g3 c5 4. Bg2 Nc6 5. O-O Nf6 6. c4 Be7 7. Nc3 O-O 8.
cxd5 exd5 9. Bg5 c4 10. Ne5 Be6 11. Nxc4 dxc4 12. Bxf6 Bxf6 13. d5 Bg4 14.
dxc6 bxc6 15. Qa4 Bxc3 16. bxc3 Bxe2 17. Rfe1 Qd2 18. Bxc6 Rac8 19. Rac1
Rfd8 20. Be4 1/2-1/2

[Event "ch-NOR"]
[Site "Moss NOR"]
[Date "2006.07.12"]
[Round "6"]
[White "Stokke,K"]
[Black "Dannevig,O"]
[Result "0-1"]
[WhiteElo "2303"]
[BlackElo "2382"]
[EventDate "2006.07.08"]

1. e4 e5 2. Nf3 Nc6 3. d4 exd4 4. Nxd4 Bc5 5. Be3 Qf6 6. Nb5 Bxe3 7. fxe3
Qh4+ 8. g3 Qd8 9. Qg4 Kf8 10. Qf4 d6 11. N1c3 Ne5 12. O-O-O Bd7 13. Nd4 Nf6
14. Be2 h6 15. Nf5 a6 16. h4 h5 17. Rhf1 b5 18. Kb1 b4 19. Nd5 Nxd5 20.
exd5 Bxf5 21. Qxf5 g6 22. Qf4 a5 23. Qd4 Kg8 24. Rf4 Rh7 25. Rdf1 Qb8 26.
g4 hxg4 27. Bxg4 Rxh4 28. Be6 Qb5 29. Rg1 Rh7 30. Rh4 fxe6 31. Rxh7 Kxh7
32. Qh4+ Kg7 33. Qe7+ Nf7 34. Qxe6 g5 35. Qf5 Qe8 36. Rh1 Qg8 37. Qd7 Re8
38. Qxc7 Rxe3 39. Qxa5 Qh8 40. Rc1 Qh4 0-1

[Event "ch-NOR"]
[Site "Moss NOR"]
[Date "2006.07.12"]
[Round "6"]
[White "Hansen,TR"]
[Black "Jansson,J"]
[Result "1-0"]
[WhiteElo "2319"]
[BlackElo "2300"]
[EventDate "2006.07.08"]

1. e4 c5 2. Nf3 d6 3. d4 cxd4 4. Nxd4 Nf6 5. Nc3 a6 6. Be3 e5 7. Nb3 Be6 8.
f3 Be7 9. Qd2 O-O 10. O-O-O a5 11. Bb5 Nbd7 12. Qe2 Qc7 13. g4 Rfc8 14. g5
Ne8 15. Na4 Bc4 16. Bxc4 Qxc4 17. Qxc4 Rxc4 18. Nc3 a4 19. Nd2 Rc6 20. Nd5
Kf8 21. Kb1 Nc5 22. Bxc5 Rxc5 23. Nb6 Rd8 24. h4 a3 25. b3 Nc7 26. Ndc4 Nb5
27. Rd3 Ke8 28. c3 f6 29. gxf6 gxf6 30. Kc2 Kf7 31. b4 Rc6 32. Kb3 h5 33.
Ka4 Nc7 34. Kxa3 d5 35. exd5 Nxd5 36. Nxd5 Rxc4 37. Kb3 Rcc8 38. Rhd1 f5
39. Nxe7 Rxd3 40. Rxd3 Kxe7 41. c4 Ke6 42. a4 Rf8 43. b5 e4 44. fxe4 f4 45.
Kb4 f3 46. Rd1 Ke5 47. c5 Rf4 48. c6 bxc6 49. b6 Rxe4+ 50. Kc5 Re2 51. b7
Rb2 52. Kxc6 1-0

[Event "ch-NOR"]
[Site "Moss NOR"]
[Date "2006.07.12"]
[Round "6"]
[White "Sagafos,M"]
[Black "Madsen,D"]
[Result "1-0"]
[WhiteElo "2331"]
[BlackElo "2290"]
[EventDate "2006.07.08"]

1. e4 Nf6 2. e5 Nd5 3. c4 Nb6 4. d4 d6 5. exd6 exd6 6. Nc3 Be7 7. Bd3 Nc6
8. Nge2 O-O 9. b3 Re8 10. O-O Bf8 11. Be3 Nb4 12. Bb1 c6 13. a3 Na6 14. Qd2
d5 15. c5 Nd7 16. b4 Nc7 17. Bd3 b6 18. Rfe1 bxc5 19. bxc5 Ne6 20. Nf4 Nf6
21. Nxe6 Rxe6 22. f3 h6 23. Ne2 Re8 24. Bf2 g6 25. Qb4 Nh5 26. Qa4 Bd7 27.
Ba6 Rb8 28. Rab1 Rxb1 29. Rxb1 Qg5 30. Qd1 Bh3 31. Ng3 Nf6 32. gxh3 h5 33.
Bf1 h4 34. Kh1 Bh6 35. Rb2 hxg3 36. hxg3 Nh5 37. Kh2 Qd8 38. Re2 Rxe2 39.
Qxe2 Kf8 40. Qe5 Bg7 41. Qe3 Bf6 42. h4 Qc7 43. Bh3 Ng7 44. Kg2 Qe7 45. Qf4
Ne6 46. Bxe6 Qxe6 47. Qb8+ Kg7 48. Qxa7 Qe2 49. Qa4 Qd2 50. Qb4 Qxb4 51.
axb4 Kf8 52. g4 Ke7 53. Kg3 Ke6 54. Kf4 g5+ 55. hxg5 Bd8 56. Bh4 Bc7+ 57.
Ke3 Bh2 58. f4 Bg1+ 59. Bf2 Bh2 60. Kf3 1-0